000
00195 a2200097 4500
020
_a
9780198603719
041
_a
eng
100
_a
Last, First
245
_a
Oxford paperback thesaurus
942
_c
BK
999
_c
10913
_d
10913